Воспоминания о Фучике: пер. с чеш.

Бібліографічні деталі
Автор: Фучикова Г. Густа
Інші автори: Чацкая Е. (редактор)
Мова:Російська
Опубліковано: Москва, Прогресс, 1974
Предмети:
Формат: MixedMaterials Книга
KOHA link:https://koha.lib.tpu.ru/cgi-bin/koha/opac-detail.pl?biblionumber=372660

MARC

LEADER 00000nam0a2200000 4500
001 372660
005 20231102012509.0
035 |a (RuTPU)RU\TPU\retro\30084 
035 |a RU\TPU\book\307054 
090 |a 372660 
100 |a 20221215d1974 m y0rusy50 ca 
101 1 |a rus  |c cze 
102 |a RU 
105 |a y z 001ab 
200 1 |a Воспоминания о Фучике  |e пер. с чеш.  |f Г. Фучикова  |g под ред. Е. Чацкой 
210 |a Москва  |c Прогресс  |d 1974 
215 |a 618 с. 
320 |a Вступительная статья: с. 3-5 
600 1 |a Фучик  |b Ю.  |c чешский журналист  |f 1903-1943  |g Юлиус  |2 stltpush  |3 (RuTPU)RU\TPU\pers\29671  |9 14184 
606 1 |a Чешская литература  |2 stltpush  |3 (RuTPU)RU\TPU\subj\80268  |9 88014 
610 1 |a художественная литература 
610 1 |a воспоминания 
610 1 |a биография 
675 |a 885  |v 3 
700 1 |a Фучикова  |b Г.  |g Густа 
702 1 |a Чацкая  |b Е.  |4 340 
801 1 |a RU  |b 63413507  |c 20150204 
801 2 |a RU  |b 63413507  |c 20221215  |g RCR 
942 |c BK